Propagácia slovenského kúpeľníctva v priereze historického vývoja
Propagácia kúpeľníctva v minulosti. Slovenské kúpele v propagácii československého kúpeľníctva. Súčasné subjekty propagácie kúpeľníctva a ich propagačné aktivity. Slovenská agentúra pre cestovný ruch - organizácia zodpovedná za štátnu propagáciu SR. Propagácia v kúpeľoch.
Salvato in:
| Autore principale: | |
|---|---|
| Natura: | Capitolo di libro |
| Lingua: | slovacco |
| Soggetti: | |
| Tags: |
Nessun Tag, puoi essere il primo ad aggiungerne!!
|
MARC
| LEADER | 00000naa a2200000 4500 | ||
|---|---|---|---|
| 001 | 0160820 | ||
| 005 | 20240502072806.5 | ||
| 041 | 0 | |a slo | |
| 044 | |a SK | ||
| 245 | 1 | 0 | |a Propagácia slovenského kúpeľníctva v priereze historického vývoja |c Darina Eliašová |
| 520 | |a Propagácia kúpeľníctva v minulosti. Slovenské kúpele v propagácii československého kúpeľníctva. Súčasné subjekty propagácie kúpeľníctva a ich propagačné aktivity. Slovenská agentúra pre cestovný ruch - organizácia zodpovedná za štátnu propagáciu SR. Propagácia v kúpeľoch. | ||
| 610 | 2 | 0 | |a ruch cestovný |
| 610 | 2 | 0 | |a kúpele |
| 610 | 2 | 0 | |a kúpeľníctvo |
| 610 | 2 | 0 | |a propagácia |
| 610 | 2 | 0 | |a reklama |
| 610 | 2 | 0 | |a marketing |
| 610 | 2 | 0 | |a história |
| 610 | 2 | 0 | |a umenie |
| 610 | 2 | 0 | |a organizácie |
| 610 | 2 | 0 | |a Slovensko |
| 100 | 1 | |a Eliašová, Darina | |